Razones jurídicas del pacifismo
محفوظ في:
| المؤلف الرئيسي: | |
|---|---|
| التنسيق: | كتاب |
| اللغة: | الإسبانية |
| منشور في: |
Madrid
Trotta
2004
|
| سلاسل: | Colección Estructuras y Procesos. Serie Derecho
|
| الموضوعات: | |
| الوسوم: |
إضافة وسم
لا توجد وسوم, كن أول من يضع وسما على هذه التسجيلة!
|
MARC
| LEADER | 00000nam a2200000 a 4500 | ||
|---|---|---|---|
| 001 | UCK0363 | ||
| 003 | CL-VaPUC | ||
| 008 | 041001e20040000SP |||||||||||||||||spa|d | ||
| 020 | |a 8481646938 | ||
| 082 | 0 | 4 | |a 341.026 |b FER |2 21 |
| 100 | 0 | |a Ferrajoli, Luigi |e author |9 488277 | |
| 245 | 1 | 0 | |a Razones jurídicas del pacifismo |
| 300 | |a 150 p | ||
| 942 | |c BK | ||
| 945 | |d 20041001 00:00:00 |a cmena | ||
| 260 | |a Madrid |b Trotta |c 2004 | ||
| 650 | 0 | |a Derecho internacional |9 255637 | |
| 650 | 7 | |a PACIFISMO |2 CL-VaPUC |9 319054 | |
| 650 | 7 | |a FILOSOFIA POLITICA |2 CL-VaPUC |9 488278 | |
| 650 | 0 | |a Capitalismo |9 255255 | |
| 650 | 0 | |a Poder político |9 255509 | |
| 650 | 0 | |a Tratados internacionales |9 256056 | |
| 583 | |a last modification |c 20041001 00:00:00 |k Rodrigo Vera | ||
| 490 | 0 | |a Colección Estructuras y Procesos. Serie Derecho | |
| 999 | |c 310824 |d 310822 | ||
| 952 | |0 0 |1 0 |4 0 |6 341_026000000000000_FER_2004 |7 0 |8 A |9 379850 |a BIBDER |b BIBDER |d 2019-11-21 |i 406710K |l 1 |m 2 |o 341.026 FER 2004 |p 406710K |q 2025-12-31 |r 2020-03-19 |s 2020-03-19 |w 2019-11-21 |y BK |k DER | ||